=LDR 00000nam 2200000 4500 =001 INLIS000000000006434 =005 20251110084534 =035 ##$$a 0010-1125000308 =007 ta =008 251110###########################0#eng## =082 ##$$a 615.954 =084 ##$$a 615.954 SAV t =100 #$$a Savitri Rachman =245 1#$$a The Walnut Creek Contraceptive Drug Study /$c Badan Koordinasi Keluarga Berencana Nasional =260 ##$:$b Badan Koordinasi Keluarga Berencana Nasional =300 ##$$a 27 Hal : $b Ilus ; $c 21 =650 #4$$a Keluarga Berencana =856 ##$$a Perpustakaan Kemendukbangga